|
|
|
|
| LEADER |
00000nab a2200000 ar4500 |
| 001 |
vtls010488144 |
| 003 |
SK-MaSNL |
| 005 |
20260305032136.0 |
| 008 |
130205c20121110xo mr|p|||||||000 b|slo |
| 038 |
|
|
|a SNSK
|
| 040 |
|
|
|b slo
|c SNSK
|e AACR2
|
| 041 |
|
|
|a slo
|
| 044 |
|
|
|a xo
|c SK
|
| 080 |
|
|
|a 636
|x (437.67)
|2 2001
|
| 080 |
|
|
|a 616-002.35
|2 2001
|
| 080 |
|
|
|a 614.46
|2 2001
|
| 245 |
0 |
0 |
|a Strach z antraxu!
|b kravy liečia penicilínom. Lieky nasadili aj 11 ľuďom
|c [autor](nov, foto autor)
|
| 300 |
|
|
|b Fotogr.
|
| 650 |
0 |
7 |
|a antrax
|2 snsk
|9 23041
|
| 650 |
0 |
7 |
|a chov dobytka
|2 snsk
|9 43971
|
| 650 |
0 |
7 |
|a karanténa
|2 snsk
|9 28158
|
| 651 |
|
7 |
|a Staškovce (Slovensko)
|2 snsk
|9 59677
|
| 651 |
|
7 |
|a Stropkov (Slovensko : okres)
|2 snsk
|9 23137
|
| 773 |
0 |
|
|t Nový Čas
|g Roč. 22, č. 260 (10.11.2012), s. 8-9
|x 1335-4655
|
| 852 |
|
|
|a SNSK
|b KIS3GCP
|
| 999 |
|
|
|c 3318878
|d 3320808
|